| 000 | 00476cam a2200181ua 4500 | ||
|---|---|---|---|
| 020 | _c$ 36.00 | ||
| 041 |
_aeng _h |
||
| 082 |
_a808.066 _bTUR/TE |
||
| 100 | _aTurner, Maxine T . | ||
| 245 |
_aTechnical writing: A practical approach / _cMaxine T Turner. _hTextual Documents |
||
| 260 |
_aVirginia : _bReston Publishing Company , _c1984. |
||
| 300 | _a507 ; . | ||
| 365 | _a$ 36.00 | ||
| 500 | _a**Reference | ||
| 504 | _a | ||
| 942 | _cBK | ||
| 999 |
_c7909 _d7909 |
||